000
00206nam a22000857a 4500
008
160809b xxu||||| |||| 00| 0 eng d
100
_9
87
_a
Kidz Om
245
_a
Aesop's Fables
260
_a
New Delhi
_b
Om Kidz
_c
2012
999
_c
2741
_d
2741